Gita in Life (Record no. 3331)

MARC details
000 -LEADER
fixed length control field 00595nam a2200241 a 4500
020 ## - INTERNATIONAL STANDARD BOOK NUMBER
ISBN
082 00 - DEWEY DECIMAL CLASSIFICATION NUMBER
Classification number 294.5924
Author Cutter STE
100 ## - MAIN ENTRY--AUTHOR NAME
Author name Stephen, Dorothea
245 ## - TITLE STATEMENT
Title Gita in Life
260 ## - PUBLICATION, DISTRIBUTION, ETC. (IMPRINT)
Place of publication Madras
Name of publisher Christian Literature Society
Year of publication 1956
300 ## - PHYSICAL DESCRIPTION
Number of Pages 98p
500 ## - GENERAL NOTE
General note includes index and biblioraphy
505 2# - FORMATTED CONTENTS NOTE
Formatted contents note Bibliography, Index of Names
650 ## - SUBJECT ADDED ENTRY--TOPICAL TERM
Topical Term Bhagavad Gita
942 ## - ADDED ENTRY ELEMENTS (KOHA)
Koha item type Books
700 1# -
-- Stephen, Dorothea
Holdings
Collection code Home library Current library Date acquired Cost, normal purchase price Full call number Accession Number Koha item type
  Henry Martyn Institute Library Henry Martyn Institute Library 07/26/2007 2.50 294.5924 STE 08789 Books
                   Copyright © 2026 | Henry Martyn Institute | Hyderabad | TS-500052 | INDIA | Implemented by hmi.edu.in
Hit-Count:

Powered by Koha